004050000a22001090004500090001700000245009400017041001400111100003400125942001300159773010600172999001700278 aASbSeriadas10aObservaciones sobre aspectos fisiológicos, comportamiento y muda en rapaces colombianas0 aEspañol1 aTorres Barreto, Alvaro999199 cARTICULO1 tRevista de la Academia Colombiana de Ciencias Exactas, Fisicas y Naturales332h67q650-658d1990g17 c14314d14314